000 00761nam a2200289Ia 4500
005 20260324121938.0
008 008 260324s9999 xx 000 0 eng d
020 _a9781003237983
037 _aEBOOK
040 _aCRL
040 _beng
040 _cCRL
041 _2eng
041 _aeng
084 _qCRL
100 _aRich Weinfeld; Linda Barnes-Robinson; Sue Jeweler; Betty Roffman Shevitz
_91164498
245 0 _aSmart Kids With Learning Difficulties
245 0 _bOvercoming Obstacles and Realizing Potential
260 _bTaylor and Francis
260 _c2013
365 _a
365 _b72.99
856 _uhttp://www.taylorfrancis.com/books/9781003237983
942 _cEBOOK
999 _c1756897
_d1756897